[Event "Cluj GP Rapid"]
[Site "Cluj"]
[Date "2024.06.13"]
[Round "1"]
[White "Mitrea, Sorin Ioachim"]
[Black "Kantor, Gergely"]
[Result "0-1"]
[WhiteElo "1692"]
[BlackElo "2528"]
[PlyCount "62"]
[EventDate "2024.06.13"]
[EventType "swiss (rapid)"]
[EventRounds "10"]
[EventCountry "ROU"]
[SourceTitle "CBM 220 Extra"]
[Source "ChessBase"]
[SourceDate "2024.07.31"]
[SourceVersion "1"]
[SourceVersionDate "2024.07.31"]
[SourceQuality "1"]

1. d4 Nf6 2. Nf3 d5 3. e3 g6 4. Bd3 Bg7 5. 0-0 0-0 6. Nbd2 c5 7. c3 Qc7 8. Qe2 Nbd7 9. Re1 a6 10. h3 Re8 11. e4 cxd4 12. Nxd4 e5 13. N4f3 Nc5 14. Bc2 dxe4 15. Nxe4 Nfxe4 16. Be3 Nf6 17. Qc4 Ne6 18. Qxc7 Nxc7 19. Rad1 Be6 20. Ng5 Bd5 21. Bb6 Rac8 22. Ne4 Nxe4 23. Bxe4 Bxe4 24. Rxe4 Re6 25. Be3 Bf8 26. Bg5 f6 27. Bh4 g5 28. Bg3 Rd6 29. Ree1 Ne6 30. Rxd6 Bxd6 31. Rd1 Rd8 0-1

[Event "FICGS W-ch st1 g04 email"]
[Site "FICGS email"]
[Date "2018.03.02"]
[Round "1"]
[White "Mitrea, Sorin Ioachim"]
[Black "De la Foret, Fred"]
[Result "1/2-1/2"]
[WhiteElo "2069"]
[BlackElo "1373"]
[PlyCount "57"]
[EventDate "2018.??.??"]
[EventType "tourn (corr)"]
[EventRounds "8"]
[SourceTitle "Corr 2022"]
[Source "ChessBase"]
[SourceDate "2021.10.24"]
[SourceVersion "1"]
[SourceVersionDate "2021.10.24"]
[SourceQuality "1"]

1. e4 c5 2. Nc3 Nc6 3. f4 e6 4. Nf3 d5 5. Bb5 Nge7 6. exd5 exd5 7. Qe2 g6 8. Qe5 Rg8 9. 0-0 Be6 10. Qe1 a6 11. Bxc6+ Nxc6 12. d3 Rc8 13. Ng5 Nd4 14. Qf2 Qd6 15. Nxh7 Bg7 16. Ng5 Rh8 17. h3 Nf5 18. Ne2 Bd7 19. Bd2 Bxb2 20. g4 Ne7 21. c3 f6 22. f5 gxf5 23. Qg2 Qc6 24. d4 c4 25. Qh2 Qe6 26. Rf2 fxg5 27. Bxg5 Rxh3 28. Bd2 Rf3 29. Kf1 1/2-1/2

[Event "FICGS W-ch st1 g04 email"]
[Site "FICGS email"]
[Date "2018.03.02"]
[Round "1"]
[White "Vollmer, Steve"]
[Black "Mitrea, Sorin Ioachim"]
[Result "0-1"]
[WhiteElo "1555"]
[BlackElo "2069"]
[PlyCount "70"]
[EventDate "2018.??.??"]
[EventType "tourn (corr)"]
[EventRounds "8"]
[SourceTitle "Corr 2022"]
[Source "ChessBase"]
[SourceDate "2021.10.24"]
[SourceVersion "1"]
[SourceVersionDate "2021.10.24"]
[SourceQuality "1"]

1. d4 Nf6 2. c4 g6 3. Nc3 Bg7 4. e4 d6 5. Bd3 0-0 6. Nge2 Nc6 7. 0-0 e5 8. d5 Ne7 9. Qc2 Nd7 10. Bg5 Nc5 11. f3 f5 12. h3 f4 13. Rad1 Nxd3 14. Qxd3 h6 15. Bh4 g5 16. Bf2 Ng6 17. c5 h5 18. Kh1 g4 19. cxd6 cxd6 20. Ng1 g3 21. Be1 Nh4 22. Rc1 a6 23. a3 Rf7 24. Bd2 Bd7 25. Rfd1 Qb6 26. b4 Nxg2 27. Qe2 Nh4 28. Be1 Bf6 29. Rd2 Rg7 30. Qd3 Kh8 31. Rb2 Qa7 32. a4 Rag8 33. b5 Bd8 34. bxa6 bxa6 35. Rcb1 Bxh3 0-1

[Event "FICGS class A 000182 email"]
[Site "FICGS email"]
[Date "2017.12.02"]
[Round "1"]
[White "Mitrea, Sorin Ioachim"]
[Black "Pandey, Manoj"]
[Result "1/2-1/2"]
[WhiteElo "2048"]
[BlackElo "2111"]
[PlyCount "36"]
[EventDate "2017.??.??"]
[EventType "tourn (corr)"]
[EventRounds "6"]
[SourceTitle "Corr 2022"]
[Source "ChessBase"]
[SourceDate "2021.10.24"]
[SourceVersion "1"]
[SourceVersionDate "2021.10.24"]
[SourceQuality "1"]

1. e4 c5 2. Nc3 Nc6 3. f4 e6 4. Nf3 d5 5. Bb5 Nge7 6. exd5 Nxd5 7. Bxc6+ bxc6 8. Ne5 Bd6 9. 0-0 Ba6 10. d3 Nxc3 11. bxc3 c4 12. Qf3 Rc8 13. Nxc4 Bxc4 14. dxc4 0-0 15. Be3 Qa5 16. Qe4 Rfe8 17. h3 g6 18. Rab1 Bc5 1/2-1/2

[Event "FICGS rapid A 000204 email"]
[Site "FICGS email"]
[Date "2017.10.26"]
[Round "1"]
[White "Mitrea, Sorin Ioachim"]
[Black "Cirulis, Ilmars"]
[Result "1-0"]
[WhiteElo "2053"]
[BlackElo "1985"]
[PlyCount "117"]
[EventDate "2017.??.??"]
[EventType "tourn (rapid)"]
[EventRounds "6"]
[SourceTitle "Corr 2022"]
[Source "ChessBase"]
[SourceDate "2021.10.24"]
[SourceVersion "1"]
[SourceVersionDate "2021.10.24"]
[SourceQuality "1"]

1. e4 e6 2. d4 d5 3. Nc3 Bb4 4. Nge2 dxe4 5. a3 Bxc3+ 6. Nxc3 Nc6 7. d5 exd5 8. Qxd5 Be6 9. Qxe4 Nf6 10. Qa4 0-0 11. Bd2 Bg4 12. h3 Bh5 13. g4 Re8+ 14. Be3 Bg6 15. Bg2 h5 16. g5 Nh7 17. 0-0 Nf8 18. Rfe1 a6 19. Rad1 Qc8 20. Re2 Qf5 21. Rd5 Qc8 22. Rdd2 Rb8 23. Qc4 Bf5 24. Qh4 Bg6 25. Nd5 Ne7 26. Nxe7+ Rxe7 27. Bf3 b6 28. Bxh5 Bxh5 29. Qxh5 Ng6 30. Qg4 Qxg4+ 31. hxg4 Rbe8 32. Rd4 Nh4 33. Rf4 Re5 34. Rd2 Rxg5 35. Rd7 f5 36. Rxc7 fxg4 37. Rfc4 Rg6 38. R7c6 Ree6 39. Rxe6 Rxe6 40. Rxg4 Nf3+ 41. Kh1 Rc6 42. Rg3 Nh4 43. c3 Nf5 44. Rf3 Nxe3 45. Rxe3 b5 46. Kg2 Rd6 47. Kf3 Kf7 48. Ke2 Rh6 49. Re4 Rh1 50. Kd3 Rd1+ 51. Kc2 Rg1 52. Kb3 Rg2 53. Rf4+ Ke7 54. Rf3 g5 55. a4 Kd6 56. Rf6+ Ke5 57. Rf8 Kd6 58. Ka3 bxa4 59. Kxa4 1-0

[Event "FICGS class C 000254 email"]
[Site "FICGS email"]
[Date "2017.01.14"]
[Round "1"]
[White "Duttagupta, Aniruddha"]
[Black "Mitrea, Sorin Ioachim"]
[Result "1/2-1/2"]
[WhiteElo "1808"]
[BlackElo "2000"]
[PlyCount "68"]
[EventDate "2017.??.??"]
[EventType "tourn (corr)"]
[EventRounds "1"]
[SourceTitle "Corr 2022"]
[Source "ChessBase"]
[SourceDate "2021.10.24"]
[SourceVersion "1"]
[SourceVersionDate "2021.10.24"]
[SourceQuality "1"]

1. c4 Nf6 2. Nc3 e5 3. Nf3 Nc6 4. d4 exd4 5. Nxd4 Bb4 6. Bg5 0-0 7. Nxc6 bxc6 8. e3 h6 9. Bh4 g5 10. Bg3 Ne4 11. Qc2 Qf6 12. Rc1 Nxg3 13. hxg3 Rb8 14. Bd3 c5 15. b3 d6 16. f3 Kg7 17. Kf2 Qxc3 18. Qxc3+ Bxc3 19. Rxc3 Bd7 20. Rcc1 a5 21. Ke2 f5 22. Ra1 a4 23. Bc2 Bc6 24. Rab1 g4 25. Kf2 axb3 26. axb3 Ra8 27. Ra1 h5 28. Ke2 Rh8 29. Bxf5 Rxa1 30. Rxa1 Kf6 31. e4 Rb8 32. Ra3 Be8 33. Kd2 Bg6 34. Bd7 Be8 1/2-1/2

[Event "FICGS class C 000254 email"]
[Site "FICGS email"]
[Date "2017.01.14"]
[Round "1"]
[White "Mitrea, Sorin Ioachim"]
[Black "Cirulis, Ilmars"]
[Result "1/2-1/2"]
[WhiteElo "2000"]
[BlackElo "1923"]
[PlyCount "80"]
[EventDate "2017.??.??"]
[EventType "tourn (corr)"]
[EventRounds "1"]
[SourceTitle "Corr 2022"]
[Source "ChessBase"]
[SourceDate "2021.10.24"]
[SourceVersion "1"]
[SourceVersionDate "2021.10.24"]
[SourceQuality "1"]

1. d4 e6 2. c4 Nf6 3. Nf3 b6 4. g3 Be7 5. Bg2 Bb7 6. 0-0 0-0 7. Nc3 Ne4 8. Qd3 Nxc3 9. Qxc3 d6 10. b3 Nd7 11. Bb2 a5 12. Qc2 f5 13. Ne1 Bxg2 14. Nxg2 Bg5 15. Rad1 a4 16. e3 Qe7 17. Nf4 axb3 18. axb3 Rfe8 19. Nd3 Qf7 20. Ra1 Nf6 21. Rfc1 Qh5 22. Rxa8 Rxa8 23. c5 Ne4 24. cxd6 cxd6 25. Kg2 h6 26. Qc4 Re8 27. Re1 Bf6 28. Nf4 Qf7 29. Qc6 g5 30. Nd3 g4 31. Qxb6 h5 32. Rc1 h4 33. b4 h3+ 34. Kf1 Ra8 35. Ke2 Qe8 36. Qc6 Qxc6 37. Rxc6 Kf7 38. f3 gxf3+ 39. Kxf3 Nd2+ 40. Kf2 Be7 1/2-1/2

[Event "FICGS class C 000254 email"]
[Site "FICGS email"]
[Date "2017.01.14"]
[Round "1"]
[White "Mitrea, Sorin Ioachim"]
[Black "Duenas, Alexis"]
[Result "1-0"]
[WhiteElo "2000"]
[BlackElo "1862"]
[PlyCount "57"]
[EventDate "2017.??.??"]
[EventType "tourn (corr)"]
[EventRounds "1"]
[SourceTitle "Corr 2022"]
[Source "ChessBase"]
[SourceDate "2021.10.24"]
[SourceVersion "1"]
[SourceVersionDate "2021.10.24"]
[SourceQuality "1"]

1. d4 Nf6 2. Nf3 e6 3. c4 b6 4. g3 Ba6 5. Qa4 Bb7 6. Bg2 c5 7. dxc5 Bxc5 8. 0-0 0-0 9. Nc3 Be7 10. Rd1 Na6 11. Bg5 Nc5 12. Qc2 Rc8 13. Nb5 a6 14. Bxf6 gxf6 15. Nd6 Bxd6 16. Rxd6 Ne4 17. Rd4 d5 18. Nd2 e5 19. Rd3 Nc5 20. Ra3 Ne6 21. Qd1 f5 22. cxd5 Bxd5 23. Rd3 Nd4 24. Bxd5 Qxd5 25. Nf3 Nxf3+ 26. exf3 Qc4 27. Rd6 Qb4 28. Rb1 Rfe8 29. Rf6 1-0